000 00560cam a22001457a 4500
008 180718b2011 xxu||||| |||| 00| 0 eng d
082 _aAPPPA 2010-11/ARY
100 _aArya, K. N.
245 _aOutsourcing of non core service functions: a case study of ordnance factories at small arms factory Kanpur
_cby K. N. Arya
260 _aNew Delhi
_bIndian Institute of Public Administration
_c2011
300 _a97p.
500 _aAn APPPA M.Phil dissertation, 2010-11 (guide: Prof. Pranab Banerji)
650 _aDefense industries --India
650 _aIndia. Army
999 _c502402
_d502402